| 000 | 01122cam a2200301 i 4500 | ||
|---|---|---|---|
| 001 | 17658687 | ||
| 003 | EG-ScBUE | ||
| 005 | 20241106111442.0 | ||
| 008 | 130314s2013 enka f b f001 0 eng d | ||
| 020 | _a9781107024472 (hbk.) | ||
| 020 | _a1107024471 (hbk.) | ||
| 040 |
_aUKMGB _beng _erda _cUKMGB _dOCLCO _dBTCTA _dCDX _dYDXCP _dBWX _dAUM _dDLC _dEG-ScBUE |
||
| 082 | 0 | 4 |
_a519.2 _222 _bVEN |
| 100 | 1 |
_aVenkatesh, Santosh S. _937187 _d1959- _eauthor. |
|
| 245 | 1 | 4 |
_aThe theory of probability / _cSantosh S. Venkatesh, University of Pennsylvania. |
| 246 | 3 | 4 |
_aTheory of probability : _bexplorations and applications |
| 264 | 1 |
_aCambridge, United Kingdom ; _aNew York, United States : _bCambridge University Press, _c2013. |
|
| 300 |
_axxiv, 805 pages : _billustrations ; _c26 cm |
||
| 336 |
_2rdacontent _atext _btxt |
||
| 337 |
_aunmediated _2rdamedia _bn |
||
| 338 |
_avolume _bnc _2rdacarrier |
||
| 500 | _aIncludes appendixes. | ||
| 504 | _aIncludes bibliographical references and index. | ||
| 650 | 7 |
_aProbabilities. _2BUEsh _93494 |
|
| 653 |
_bENGELC _cJanuary2015 |
||
| 655 |
_vReading book _934232 |
||
| 942 |
_2ddc _cBB |
||
| 999 |
_c18886 _d18858 |
||